<?xml version="1.0" encoding="UTF-8"?>
<marc:record xmlns:marc="http://www.loc.gov/MARC21/slim">
   <marc:leader>00000nam a2200000 a 4500</marc:leader>
   <marc:datafield ind1="1" ind2=" " tag="100">
      <marc:subfield code="a">Tonies. Paw Patrol. Der Delfin-Freund</marc:subfield>
      <marc:subfield code="4">aut</marc:subfield>
      <marc:subfield code="e">Verfasser/-in</marc:subfield>
   </marc:datafield>
   <marc:datafield ind1=" " ind2=" " tag="653">
      <marc:subfield code="a">Reihe</marc:subfield>
   </marc:datafield>
   <marc:datafield ind1=" " ind2=" " tag="653">
      <marc:subfield code="a">Tonies</marc:subfield>
   </marc:datafield>
   <marc:datafield ind1=" " ind2=" " tag="653">
      <marc:subfield code="a">Delfin</marc:subfield>
   </marc:datafield>
   <marc:datafield ind1=" " ind2=" " tag="653">
      <marc:subfield code="a">Hörspiel</marc:subfield>
   </marc:datafield>
   <marc:datafield ind1="0" ind2="0" tag="245">
      <marc:subfield code="a">Tonies. Paw Patrol. Der Delfin-Freund</marc:subfield>
   </marc:datafield>
   <marc:datafield ind1="0" ind2="0" tag="245">
      <marc:subfield code="b">Hörspiel ab 3 Jahren mit Liedern</marc:subfield>
   </marc:datafield>
   <marc:datafield ind1=" " ind2="1" tag="264">
      <marc:subfield code="a">Wien</marc:subfield>
      <marc:subfield code="b">Universal</marc:subfield>
      <marc:subfield code="c">2020</marc:subfield>
   </marc:datafield>
   <marc:datafield ind1="1" ind2=" " tag="490">
      <marc:subfield code="a">Paw Patrol. Helfer auf vier Pfoten</marc:subfield>
      <marc:subfield code="v">Der Delfin-Freund</marc:subfield>
   </marc:datafield>
   <marc:datafield ind1="1" ind2=" " tag="520">
      <marc:subfield code="a">Hörspielspaß mit tonies &#x96; Mit der Toniebox wird Hörspiel hören zum anfassbaren Erlebnis! Das Toniebox-Zubehör enthält nicht nur ein tolles Kinder Hörspiel, sondern kann auch als Spielfigur genutzt. werden.#Paw Patrol &#x96; Die erfolgreiche Kinderserie befindet sich als musikalisch inszeniertes Hörspiel auf dieser Tonie-Figur, liebevoll erzählt von Tobias Diakow.#Der Delfin-Freund &#x96; Ein kleiner Delfin hat sich in einem Fluss verirrt und braucht Hilfe, um wieder zurück ins Meer zu kommen. Doch für die Paw Patrol gilt: Kein Einsatz zu groß, keine Pfote zu klein!#So funktioniert's &#x96; Um dem spannenden Kinder Hörspiel zu lauschen, wird das Paw Patrol Tonie ganz einfach auf die Toniebox gestellt und schon kann's losgehen.#Lieferumfang &amp; Details &#x96; Tonie-Figur Paw Patrol, inkl. Hörspiel: Paw Patrol, die erfolgreiche Kinderserie als musikalisches Hörspiel, ab 3 Jahren, Spielzeit ca. 56 Minuten.</marc:subfield>
   </marc:datafield>
   <marc:datafield ind1=" " ind2=" " tag="041">
      <marc:subfield code="a">ger</marc:subfield>
   </marc:datafield>
   <marc:datafield ind1=" " ind2=" " tag="300">
      <marc:subfield code="a">ca. 56 Minuten</marc:subfield>
   </marc:datafield>
</marc:record>
